Slovenskí vinári a ich historický úspech

V 1000-ke najlepších vín sveta pre rok 2015 je 50 zo Slovenska.

Saved in:
Bibliographic Details
Main Author: Sedlák, Jozef
Format: Book Chapter
Language:Slovak
Subjects:
Tags: Add Tag
No Tags, Be the first to tag this record!

MARC

LEADER 00000naa a2200000 4500
001 0194749
005 20231109070915.3
041 0 |a slo 
044 |a SK 
245 1 0 |a Slovenskí vinári a ich historický úspech  |c Jozef Sedlák 
520 |a V 1000-ke najlepších vín sveta pre rok 2015 je 50 zo Slovenska. 
610 2 0 |a víno 
610 2 0 |a kvalita 
610 2 0 |a sortiment 
610 2 0 |a Slovensko 
610 2 0 |a svet 
100 1 |a Sedlák, Jozef